Bài tập đại số đại cương

Na minha lista:
Detalhes bibliográficos
Autor principal: Mỵ, Vinh Quang
Formato: Livro
Idioma:Vietnamese
Publicado em: Phú Yên Nxb Giáo dục 1999
Edição:Tái bản lần 1
Assuntos:
Tags: Adicionar Tag
Sem tags, seja o primeiro a adicionar uma tag!
Thư viện lưu trữ: Mạng thư viện Đại học Đà Nẵng
LEADER 00992nam a2200325 4500
001 000013029
003 9360
005 20121009151026.0
008 120306s1999 viesd
020 |c 10600 
041 0 |a vie 
082 |a 512  |b MY-Q 
100 0 |a Mỵ, Vinh Quang 
245 0 |a Bài tập đại số đại cương  |c Mỵ, Vinh Quang 
250 |a Tái bản lần 1 
260 |a Phú Yên  |b Nxb Giáo dục  |c 1999 
300 |a 195 tr.  |c 21cm 
653 |a Bài tập 
653 |a Đại số 
653 |a Đại cương 
OWN |a LSP 
AVA |a UDN50  |b LSP  |d 512 MY-Q  |e check_holdings  |t Error 5003 Not defined in file expand_doc_bib_avail.  |h N  |k 1 
999 |a From the UDN01 
AVA |a UDN50  |b LSP  |d 512 MY-Q  |e available  |t Error 5001 Not defined in file expand_doc_bib_avail.  |f 30  |g 3  |h N  |i 45  |k 1 
TYP |a Monograph 
TYP |a Printed language 
980 |a Mạng thư viện Đại học Đà Nẵng